000 00532nam a2200181Ia 4500
003 GCL
008 140319s9999 xx 000 0 ara d
040 _aGCL /
_cGCL
082 0 4 _a001.6425
_bم ش
100 1 _aمحيى الدين محمد حسن
245 1 0 _aشطرنج الكمبيوتر /
_cمحيى الدين محمد حسن
260 _a[S.N] :
_bدار الراتب الجامعية
300 _a199 ص
490 _a
650 0 4 _aالحاسبات الالكترونية
650 0 4 _aشطرنج
942 _2ddc
_cBK
999 _c40034
_d40034